[Event "COL-ch U10 Girls"]
[Site "Bogota"]
[Date "2011.06.04"]
[Round "9.3"]
[White "Munoz, Pamela Cristina"]
[Black "Ferreira, Mayra Alejandra"]
[Result "0-1"]
[WhiteElo "1245"]
[BlackElo "1531"]
[PlyCount "82"]
[EventDate "2011.05.31"]
[EventType "swiss"]
[EventRounds "9"]
[EventCountry "COL"]
[SourceTitle "EXT 2024"]
[Source "ChessBase"]
[SourceDate "2023.10.10"]
[SourceVersion "1"]
[SourceVersionDate "2023.10.10"]
[SourceQuality "1"]

1. e4 e5 2. Bc4 Nf6 3. Nf3 Nxe4 4. Nxe5 d5 5. d3 dxc4 6. dxe4 Qxd1+ 7. Kxd1 Be6 8. Ke2 Bd6 9. Nxc4 Bxc4+ 10. Kf3 Nc6 11. b3 Be6 12. Nc3 0-0-0 13. Nd5 Bxd5 14. exd5 Ne5+ 15. Ke4 Ng6 16. Bf4 Bxf4 17. g3 Be5 18. f4 Bxa1 19. Rxa1 Rhe8+ 20. Kd4 c6 21. d6 Rxd6+ 22. Kc3 Re2 23. g4 Rxh2 24. f5 Nf4 25. g5 Rd5 26. Rf1 Rxf5 27. Rxf4 Rxf4 28. Kb2 h5 29. a4 h4 30. b4 h3 31. Kb3 Rg2 32. b5 cxb5 33. axb5 h2 34. c4 h1Q 35. Kb4 b6 36. g6 a5+ 37. Ka4 Rxc4+ 38. Kb3 Rgg4 39. gxf7 Qf3+ 40. Kb2 Rg2+ 41. Ka1 Qf1# 0-1

[Event "COL-ch U10 Girls"]
[Site "Bogota"]
[Date "2011.06.03"]
[Round "7.4"]
[White "Munoz, Pamela Cristina"]
[Black "Mejia, Mariana1111"]
[Result "0-1"]
[WhiteElo "1245"]
[BlackElo "1577"]
[PlyCount "42"]
[EventDate "2011.05.31"]
[EventType "swiss"]
[EventRounds "9"]
[EventCountry "COL"]
[SourceTitle "EXT 2024"]
[Source "ChessBase"]
[SourceDate "2023.10.10"]
[SourceVersion "1"]
[SourceVersionDate "2023.10.10"]
[SourceQuality "1"]

1. e4 c5 2. Bb5 a6 3. Qg4 axb5 4. Nf3 d6 5. 0-0 Bxg4 6. Nh4 Nf6 7. c3 Nxe4 8. d3 Be2 9. dxe4 Bxf1 10. Kxf1 e6 11. Na3 Qxh4 12. g3 Qxe4 13. b4 cxb4 14. cxb4 Qh1+ 15. Ke2 d5 16. f4 Bxb4 17. Nxb5 Qe1+ 18. Kd3 Qf1+ 19. Kd4 Qxb5 20. Ke5 Bc3+ 21. Kd6 Qc6# 0-1

[Event "COL-ch U10 Girls"]
[Site "Bogota"]
[Date "2011.06.01"]
[Round "3.5"]
[White "Cayon, Laura Valentina"]
[Black "Munoz, Pamela Cristina"]
[Result "1-0"]
[WhiteElo "1394"]
[BlackElo "1245"]
[PlyCount "55"]
[EventDate "2011.05.31"]
[EventType "swiss"]
[EventRounds "9"]
[EventCountry "COL"]
[SourceTitle "EXT 2024"]
[Source "ChessBase"]
[SourceDate "2023.10.10"]
[SourceVersion "1"]
[SourceVersionDate "2023.10.10"]
[SourceQuality "1"]

1. e4 e5 2. f4 exf4 3. Nf3 Bc5 4. Bc4 Nf6 5. d3 0-0 6. Bxf4 Nc6 7. Nc3 d6 8. Qe2 Bg4 9. 0-0-0 Bxf3 10. gxf3 a5 11. b3 b6 12. Qg2 g6 13. Nd5 Nxd5 14. Bxd5 b5 15. Bxc6 Ra6 16. Bxb5 Rb6 17. Bg5 Qd7 18. Bxd7 Ba3+ 19. Kb1 c5 20. Bf6 Rc8 21. Bxc8 Rb8 22. Bb2 Rxc8 23. Bxa3 f5 24. exf5 Rf8 25. fxg6 hxg6 26. Qxg6+ Kh8 27. Rdg1 Rxf3 28. Qg7# 1-0